Компьютерные тестовые программы - средство оценки качества знаний студентов; Труды XIII научно-практической конференции, посвященной 100-летию начала учебных занятий в ТПУ

Podrobná bibliografie
Parent link:Труды XIII научно-практической конференции, посвященной 100-летию начала учебных занятий в ТПУ.— 2000.— С. 113.
Hlavní autor: Антоненко О. Н.
Jazyk:ruština
Vydáno: 2000
Témata:
Médium: MixedMaterials Kapitola
KOHA link:https://koha.lib.tpu.ru/cgi-bin/koha/opac-detail.pl?biblionumber=75961

MARC

LEADER 00000naa2a2200000 4500
001 75961
005 20231031091234.0
035 |a (RuTPU)RU\TPU\book\81067 
090 |a 75961 
100 |a 20050406d2000 k y0rusy50 ca 
101 0 |a rus 
102 |a RU 
200 1 |a Компьютерные тестовые программы - средство оценки качества знаний студентов  |f О. Н. Антоненко 
463 1 |0 (RuTPU)RU\TPU\book\24541  |t Труды XIII научно-практической конференции, посвященной 100-летию начала учебных занятий в ТПУ  |o Филиал ТПУ, Юрга, 27-28 апреля 2000 г  |f ТПУ  |v С. 113.  |d 2000  |p 181 с. 
610 1 |a компьютерные программы 
610 1 |a качество 
610 1 |a оценка 
610 1 |a студенты 
610 1 |a знания 
610 1 |a труды учёных ТПУ 
700 1 |a Антоненко  |b О. Н. 
801 1 |a RU  |b 63413507  |c 20050406  |g PSBO 
801 2 |a RU  |b 63413507  |c 20130917  |g RCR 
942 |c BK